000 00486nam a22001817a 4500
003 CEME
005 20210628204131.0
008 210106b xxu||||| |||| 00| 0 eng d
020 _a9780805863729
040 _cceme
082 _a519.535 BYR
100 _aByrne, Barbara M
_968869
245 _aStructural equation modeling with amos, basic concepts, applications, and programming
250 _a2ND
260 _aUSA
_bROUTLEDGE
_c2009
300 _aXVIII, 396P
942 _cBK
_2ddc
999 _c576329
_d576329